Modern countercurrent chromatography /

Gespeichert in:
Bibliographische Detailangaben
Körperschaften: American Chemical Society. Division of Agricultural and Food Chemistry, American Chemical Society. Meeting
Weitere Verfasser: Conway, Walter D., Petroski, Richard J.
Format: Buch
Sprache:Englisch
Veröffentlicht: Washington, DC American Chemical Society 1995.
Schriftenreihe:ACS symposium series ; 593
Schlagworte:
Online-Zugang:Im OPAC anzeigen
Tags: Tag hinzufügen
Keine Tags, Fügen Sie das erste Tag hinzu!

MARC

LEADER 00000pam a2200000 a 4500
005 20260127134206.0
008 050504s1995 dcua b 101 0 eng
010 |a 95-007048 
020 |a 0841231672 
035 |a vtls001563569 
035 |a 670094 
039 9 |y 200505040906  |z mschk03 
040 |a STUSCHK1  |b slo  |c STUSCHK1 
082 0 0 |a 543/.0894  |2 20 
245 0 0 |a Modern countercurrent chromatography /  |c Walter D. Conway, editor; Richard J. Petroski, editor. 
260 |a Washington, DC  |b American Chemical Society  |c 1995. 
300 |a x, 238 p.  |b ill.  |c 24 cm. 
440 0 |a ACS symposium series ;  |v 593 
500 |a "Developed from a symposium sponsored by the Division of Agricultural and Food Chemistry at the 206th national meeting of the American Chemical Society, Chicago, Illinois, August 22-27, 1993." 
504 |a Includes bibliographical references and indexes. 
650 0 |a Countercurrent chromatography  |x Congresses. 
700 1 |a Conway, Walter D. 
700 1 |a Petroski, Richard J. 
710 2 |a American Chemical Society.  |b Division of Agricultural and Food Chemistry. 
710 2 |a American Chemical Society.  |b Meeting  |n (206 :  |d 1993 :  |c Chicago, Ill.) 
906 |a 7  |b cbc  |c orignew  |d 1  |e ocip  |f 19  |g y-gencatlg 
910 |a SCHK95 
919 |a 0-8412-3167-2 
991 |b c-GenColl  |h QP519.9.C68  |i M63 1995  |p 00039053925  |t Copy 1  |v 593  |w BOOKS 
999 |c 6282  |d 6282